Central Library OPAC University of Rajshahi

The study of biology / (Record no. 11597)

MARC details
000 -LEADER
fixed length control field 00898nam a2200301 a 4500
001 - CONTROL NUMBER
control field 11597
003 - CONTROL NUMBER IDENTIFIER
rucl marc code BD-RjUL
005 - DATE AND TIME OF LATEST TRANSACTION
control field 20211208235142.0
008 - FIXED-LENGTH DATA ELEMENTS--GENERAL INFORMATION
fixed length control field 140127s1982 maua b 001 0 eng
020 ## - INTERNATIONAL STANDARD BOOK NUMBER
International Standard Book Number 0201101807 :
International Standard Book Number 0201101815
035 ## - SYSTEM CONTROL NUMBER
System control number (BD-RjUL)
040 ## - CATALOGING SOURCE
Original cataloging agency DLC
Transcribing agency DLC
Modifying agency BD-RjUL
Language of cataloging eng
041 ## - LANGUAGE CODE
Language code of text/sound track or separate title eng
082 00 - DEWEY DECIMAL CLASSIFICATION NUMBER
Classification number 570
Edition number 23
Author mark and year BAS 1982
100 1# - MAIN ENTRY--PERSONAL NAME
Personal name Baker, Jeffrey J. W.
9 (RLIN) 35871
245 14 - TITLE STATEMENT
Title The study of biology /
Statement of responsibility, etc. Jeffrey J.W. Baker, Garland E. Allen.
250 ## - EDITION STATEMENT
Edition statement 4th ed.
260 ## - PUBLICATION, DISTRIBUTION, ETC. (IMPRINT)
Place of publication, distribution, etc. Reading, Mass. :
Name of publisher, distributor, etc. Addison Wesley,
Date of publication, distribution, etc. c1982.
300 ## - PHYSICAL DESCRIPTION
Pagination ix ,190 p.:
Illustrations ill. ;
Size 29 cm.
490 1# - SERIES STATEMENT
Series statement Addison-Wesley series in life science
504 ## - BIBLIOGRAPHY, ETC. NOTE
Bibliography, etc Includes bibliography index.
650 #0 - SUBJECT ADDED ENTRY--TOPICAL TERM
Topical term or geographic name as entry element Biology.
9 (RLIN) 35872
700 1# - ADDED ENTRY--PERSONAL NAME
Personal name Allen, Garland L.
830 #0 - SERIES ADDED ENTRY--UNIFORM TITLE
Uniform title Addison-Wesley series in the life sciences.
942 ## - ADDED ENTRY ELEMENTS (KOHA)
Source of classification or shelving scheme Dewey Decimal Classification
Koha item type Books
Holdings
Lost status Source of classification or shelving scheme Damaged status Not for loan Collection code Permanent Location Current Location Shelving location Date acquired Source of acquisition Total Checkouts Full call number Date last seen Copy number Koha item type
  Dewey Decimal Classification   Not For Loan Non-fiction Central Library, University of Rajshahi Central Library, University of Rajshahi Reading Room 14/11/1996 Canada gift   570 BAS 1982 27/01/2014 C-1 Books
  Dewey Decimal Classification     Non-fiction Central Library, University of Rajshahi Central Library, University of Rajshahi   11/11/1990 Canada   570 BAS 1982 10/04/2017 C-2 Books
  Dewey Decimal Classification   Not For Loan Non-fiction Central Library, University of Rajshahi Central Library, University of Rajshahi Reading Room 17/11/1990 Canada   570 BAS 1982 19/04/2017 C-1 Books